LEADER 01216nam0-22003971i-450- 001 990007384400403321 005 20110912191010.0 010 $a0-12-560990-6 035 $a000738440 035 $aFED01000738440 035 $a(Aleph)000738440FED01 035 $a000738440 100 $a20110912d1999----km-y0itay50------ba 101 0 $aeng 102 $aUS 105 $aa---a---001yy 200 1 $a<>handbook of time-series analysis, signal processing and dynamics$fD.S.G. Pollock 210 $aSan Diego$cAcademic Press$dc1999 215 $aXX, 733 p.$cill.$d25 cm$e1 cd-rom 225 1 $aSignal processing and its applications 610 0 $aProbabilità$aMatematica applicata 610 0 $aAnalisi delle serie temporali$aSequenze finite 676 $a519.55$v21$zita 676 $a519.232 700 1$aPollock,$bD. S. G.$062556 801 0$aIT$bUNINA$gRICA$2UNIMARC 901 $aBK 912 $a990007384400403321 952 $a00 A2517$b4980$fDETEC 952 $aVI E 1016$b38619$fFSPBC 952 $a519.232-POL-1$b372$fSC1 959 $aFSPBC 959 $aDETEC 959 $aSC1 996 $aHandbook of time-series analysis, signal processing and dynamics$9692386 997 $aUNINA LEADER 01016nam a22002651i 4500 001 991001354129707536 005 20031104120353.0 008 040407s1963 it a||||||||||||||||ita 035 $ab12757433-39ule_inst 035 $aARCHE-073706$9ExL 040 $aDip.to Scienze Storiche$bita$cA.t.i. Arché s.c.r.l. Pandora Sicilia s.r.l. 082 04$a759.5 100 1 $aArcangeli, Francesco$0209927 245 10$aVasco Bendini /$cFrancesco Arcangeli, Maurizio Calvesi 260 $aRoma :$bEdizioni dell'Attico,$c1963 300 $a151 p. :$bill. ;$c34 cm 440 0$aQuaderni dell'Attico 600 14$aBendini, Vasco 700 1 $aCalvesi, Maurizio$eauthor$4http://id.loc.gov/vocabulary/relators/aut$036175 907 $a.b12757433$b02-04-14$c16-04-04 912 $a991001354129707536 945 $aLE009 LA VII L 8 (Fondo Bottari)$g1$lle009$o-$pE0.00$q-$rn$so $t0$u0$v0$w0$x0$y.i13296966$z16-04-04 996 $aVasco Bendini$91447562 997 $aUNISALENTO 998 $ale009$b16-04-04$cm$da $e-$fita$git $h0$i1